[Event "Maringa op 2nd"]
[Site "Maringa"]
[Date "2012.08.09"]
[Round "3"]
[White "Nunes, Marco Aurelio Comun"]
[Black "Costa, Paulo Cesar"]
[Result "0-1"]
[WhiteElo "1812"]
[BlackElo "2060"]
[PlyCount "114"]
[EventDate "2012.08.08"]
[EventType "swiss"]
[EventRounds "9"]
[EventCountry "BRA"]
[SourceTitle "CBM 149 Extra"]
[Source "ChessBase"]
[SourceDate "2012.08.24"]
[SourceVersion "1"]
[SourceVersionDate "2012.08.24"]
[SourceQuality "1"]

1. e4 e6 2. d4 d5 3. e5 c5 4. c3 Qb6 5. Nf3 Bd7 6. b3 cxd4 7. cxd4 Nc6 8. Bb2 Bb4+ 9. Nc3 Nge7 10. Qd3 Rc8 11. Be2 Nf5 12. Rd1 Ncxd4 13. Nxd4 Qxd4 14. Qxd4 Nxd4 15. Rxd4 Bxc3+ 16. Bxc3 Rxc3 17. 0-0 Rc2 18. Bf3 Rxa2 19. h3 Ke7 20. Rc1 Rc8 21. Rxc8 Bxc8 22. Rb4 b6 23. Rg4 g6 24. Rh4 h5 25. Rb4 Ba6 26. Ra4 Rxa4 27. bxa4 Bd3 28. Bd1 Kd7 29. f4 a6 30. Kf2 b5 31. axb5 axb5 32. Ke3 Bc4 33. g3 Kc6 34. Kd4 Bf1 35. h4 Bc4 36. Bc2 Kd7 37. Kc5 Ke7 38. Kd4 b4 39. Kc5 b3 40. Bb1 Kd7 41. Kb6 Be2 42. Kc5 Bc4 43. Kb6 d4 44. Kc5 d3 45. Kxc4 d2 46. Kxb3 d1Q+ 47. Bc2 Qf3+ 48. Kb2 Qxg3 49. f5 Qxe5+ 50. Kb1 Qxf5 51. Bxf5 exf5 52. Kc2 f6 53. Kd3 g5 54. hxg5 fxg5 55. Ke3 Ke6 56. Kf3 Ke5 57. Ke3 h4 0-1